000 00736nam a2200229 a 4500
005 20240228064125.0
008 140402s2005 mx r 000 0 spa d
020 _a9681677595
035 _aUPN01000196767
049 _aI
050 4 _aPZ7
_bJ4.6
100 1 _aJeffers, Oliver,
_d1977-
_933690
245 1 0 _aPerdido y encontrado /
_cOliver Jeffers ; tr. Jorge Luján.
260 _aMéxico :
_bFCE,
_c2005.
300 _a[29] p. :
_bprincipalmente il. col.
440 4 _aLos especiales de A la orilla del viento
534 _pTítulo original :
_tLost and Found
650 0 _aLiteratura infantil inglesa
_911046
650 4 _aLibros y lectura para niños
_92290
650 0 _aAmistad en la literatura
_910763
905 _aInfantil
999 _c168868
_d168868